Les Jarls de Bordeciel dans Skyrim - Statistiques

Statistiques générales
  • Ce quiz a été pris 154 fois
  • Le résultat moyen est 6 sur 17
Statistiques - réponses
Châtellerie Statut Jarls % Correct
Estemarche Jarl de base - Chef des Sombrages Ulfric Sombrage
92%
Blancherive Jarl de base - soutient l'Empire Balgruuf le Grand
86%
Haafingar Jarl de base - soutient l'Empire - reste au pouvoir dans tous les cas Elisif la Juste
71%
La Brèche Jarl prenant le pouvoir en cas de victoire Impériale Maven Roncenoir
53%
Blancherive Jarl prenant le pouvoir en cas de victoire Sombrage Vignar Grisetoison
50%
La Crevasse Jarl prenant le pouvoir en cas de victoire Sombrage Thongvor Sang-D'Argent
35%
La Brèche Jarl de base - soutient les Sombrages Laila Juste-Loi
33%
Estemarche Jarl prenant le pouvoir en cas de victoire Impériale Brunwulf Libre-Hiver
29%
Epervine Jarl de base - soutient l'Empire Siddgeir
28%
Le Clos Jarl de base - soutient les Sombrages Skald l'Aîné
27%
Epervine Jarl prenant le pouvoir en cas de victoire Sombrage Dengeir de Stuhn
25%
Hjaalmarche Jarl de base - soutient l'Empire Idgrod Ailedejais
23%
Fortdhiver Jarl de base - soutient les Sombrages Korir
22%
La Crevasse Jarl de base - soutient l'Empire Igmund
20%
Fortdhiver Jarl prenant le pouvoir en cas de victoire Impériale Kraldar
17%
Le Clos Jarl prenant le pouvoir en cas de victoire Impériale Brina Merilis
15%
Hjaalmarche Jarl prenant le pouvoir en cas de victoire Sombrage Sorli la Fondatrice
15%
Aucun quiz correspondant
Distribution des résultats
% des personnes avec chaque résultat
Percentile par nombre de réponses
Votre historique - résultats
Vous n’avez pas pris ce quiz